Wood identification handbook : commercial woods of the United States /

Bibliographic Details
Main Author: White, Marshall S.
Format: Book
Language:English
Published: New York : Scribner, [1980]
Subjects:

MARC

Tag First Indicator Second Indicator Subfields
LEADER 00000pam a2200000 a 4500
001 in00000088036
005 20151008064956.0
008 810723s1980 nyua b 00010 eng
010 |a  81009313  
020 |a 0684173492 :  |c $9.95 
035 |a (OCoLC)07671933 
035 |9 AAK5136AM 
039 0 |a 2  |b 3  |c 3  |d 3  |e 3 
040 |a DLC  |c DLC  |d TXA  |d UtOrBLW 
049 |a TXAF  |c [1561141] 
050 0 0 |a TS825  |b .W45 1980 
082 0 |a 674/.1/0974  |2 19 
100 1 |a White, Marshall S. 
245 1 0 |a Wood identification handbook :  |b commercial woods of the United States /  |c by Marshall S. White. 
264 1 |a New York :  |b Scribner,  |c [1980] 
264 4 |c ©1980 
300 |a 80 pages :  |b illustrations ;  |c 22 cm. 
336 |a text  |b txt  |2 rdacontent 
337 |a unmediated  |b n  |2 rdamedia 
338 |a volume  |b nc  |2 rdacarrier 
504 |a Bibliography: page 67. 
650 0 |a Wood  |v Identification. 
999 |a MARS 
999 f f |s ede5eda8-b62f-3701-ac56-f6b90a4a94c0  |i 03e0a538-cdfc-3c1c-bbdb-8147ab0998df  |t 0 
952 f f |p ric  |a Texas A&M University  |b Rellis Campus  |c Joint Library Facility  |d Remote Storage  |t 0  |e TS825 .W45 1980  |h Library of Congress classification  |i unmediated -- volume  |m A14806259078 
998 f f |a TS825 .W45 1980  |t 0  |l Remote Storage